El vergonzoso en palacio /

Guardado en:
Detalles Bibliográficos
Autor principal: Tirso de Molina
Otros autores: Ontañón, Juana de (edición) (edición)
Formato: Libro
Idioma:Español
Publicado: México : Porrúa, 1968, c1968
Edición:2a edición
Colección:(Sepan Cuántos ; 32)
Temas:
Etiquetas: Agrega una etiqueta
Sin etiquetas, Sé el primero en etiquetar este registro!

MARC

LEADER 00000nam^a2200000^a^4500
001 000001641
005 20250521000000.0
009 20260310083116.664
037 |a Acervo ITESO - Biblioteca 
041 |a ESP 
082 |a 082.  |b POR V. 32 
100 |a Tirso de Molina 
240 1 4 |a [El vergonzoso en palacio] 
240 1 4 |a [El condenado por desconfiado] 
240 1 4 |a [El burlador de Sevilla] 
240 1 4 |a [La prudencia en la mujer] 
245 1 3 |a El vergonzoso en palacio /  |c T. de Molina ; ed. de J. de Ontañón. 
250 |a 2a edición 
264 4 |a México :  |b Porrúa,  |c 1968, c1968 
300 |a XXVII, 265 p.  |b tapa dura 
336 |a texto  |b txt  |2 rdacontenido 
337 |a sin mediación  |b n  |2 rdamedio 
338 |a volumen  |b nc  |2 rdasoporte 
440 1 |a (Sepan Cuántos ;  |v 32) 
545 0 |a Tirso de Molina es el seudónimo de Gabriel Téllez (1583-1648), fraile de la Orden de la Merced y escritor del Siglo de Oro español nacido en Madrid, que destacó en el género dramático. De sus personajes creados sobresale el famoso don Juan Tenorio. Sus escritos describen las costumbres y la moral de su época, además de otorgar un papel preponderante a sus personajes femeninos. Entre sus dramas se encuentran El burlador de Sevilla y convidado de piedra, El vergonzoso en palacio, La gallega Mari-Hernández, La prudencia en la mujer, Don Gil de las calzas verdes, y La ninfa del cielo. En prosa se le conocen Cigarrales de Toledo, Deleitar aprovechando e Historia general de la Orden de la Merced. 
649 |a XX 
650 |a Teatro Español 
650 |a Literatura Española -  |y Siglo XVII 
650 |a Literatura Española -  |y Epoca Clásica, 1500-1700 
740 3 |a El condenado por desconfiado /  |c T. de Molina ; ed. de J. de Ontañón. 
740 3 |a El burlador de Sevilla /  |c T. de Molina ; ed. de J. de Ontañón. 
740 3 |a La prudencia en la mujer /  |c T. de Molina ; ed. de J. de Ontañón 
700 |a Ontañón, Juana de  |e (edición) 
910 |a Fondo General 
920 |a Impresos - Libros 
930 |a Colección General 
940 |a Literatura 
905 |a 101 
901 |a 0016410100  |b IT1  |c LIT  |i 001641  |u 20250521 
902 |a https://opac.biblio.iteso.mx/vufind/Record/000001641